000 00852nam a2200205Ia 4500
003 IT-RoPAU
005 20220918175826.0
008 120407s9999 xx 000 0 und d
040 _aIT-RoPAU
_c20140322110039.0
040 _cIT-RoPAU
041 _aita
100 _aMerlo, Tecla
_916931
245 _aPensieri tratti dalle conferenze della Prima Maestra,I
260 _c1954
_aRoma
_bTip. FSP
300 _a299 p.
_c14,5 cm
490 _v1
_aEdizioni Paoline
520 _aIndice Costituzioni Pietà - fervore Divozione alla Madonna Spirito di fede Generosità Povertà Castità Obbedienza Carità Vita comune Umiltà Sincerità Serenità Spirito di adattamento Silenzio Amore ai Superiori a alla Congregazione Studio e apostolato Letture Vocazioni Cura della salute Pensieri d'occasione Avvisi vari Lettere
942 _cBK
_2ddc
999 _c31871
_d31871